Detalles MARC
| 000 -LIDER |
| fixed length control field |
01682nam a22003017a 4500 |
| 003 - IDENTIFICACDOR DE NÚMERO DE CONTROL |
| control field |
DO-SdBNP |
| 005 - DATE AND TIME OF LATEST TRANSACTION |
| control field |
20210513124139.0 |
| 008 - ELEMENTOS DE LONGITUD FIJA |
| fixed length control field |
210309b 2004 dr | 00| 0 spa d |
| 020 ## - ISBN |
| International Standard Book Number |
9993439274 |
| 040 ## - FUENTE DE CATALOGACIÓN |
| Agencia que crea de manera original el registro |
BPMSU |
| Idioma de catalogación |
spa |
| Agencia que realiza la transcripción |
BPMSU |
| 082 ## - NÚMERO DE CLASIFICACIÓN DECIMAL DE DEWEY |
| Classification number |
RD862.08 |
| Item number |
Q1a 2004 |
| Edition number |
22 |
| 245 00 - MENCIÓN DE TITULO |
| Título |
Antología del teatro dominicano contemporáneo / |
| Mención de responsabilidad |
compilador L. Howard Quackenbush ; cuidado de la edición Tomás Castro Burdiez |
| 260 ## - PUBLICACIÓN, DISTRIBUCIÓN, ETC. (PIE DE IMPRENTA) |
| Lugar de publicación, distribución, etc |
Santo Domingo : |
| Nombre del editor, distribuidor, etc. |
Librería la Trinitaria, |
| Fecha de publicación, distribución, etc |
2004 |
| 300 ## - DESCRIPCIÓN FÍSICA |
| Extensión |
2 v. ; |
| Dimensiones |
24 cm. |
| 440 ## - MENCIÓN DE SERIE/ENTRADA SECUNDARIA--TÍTULO |
| Número de volumen/designación secuencial |
|
| 500 ## - NOTA GENERAL |
| Nota general |
Incluye datos biográficos del compilador en la solapa de la cubierta |
| 500 ## - NOTA GENERAL |
| Nota general |
Bibliografía : p. 309-310 |
| 500 ## - NOTA GENERAL |
| Nota general |
|
| 505 0# - NOTA DE CONTENIDO |
| Texto normalizado de contenido |
V. 1 : Introducción al teatro dominicano contemporáneo -- ¡Hágase la mujer! / Juan Carlos Campos -- Los lectores del ático de Efraím / A. Castillo Arredondo -- Un comercial para Máximo Gómez de / Reynaldo Disla -- Bianto y su señor de / Haffe Serulle -- La danza de Mingó de / Haffe Serulle -- Fábula de los cinco caminantes de / Iván García Guerra -- Andrómaca de / Iván García Guerra -- Bibliografía. <br/>V. 2 : Bolo Francisco de Reynaldo Disla -- La última cita de / Rafael García H. -- El rey Clinejas de / Manuel Rueda González -- El último instante de / Franklin Domínguez Hernández -- Pirámide 179 de / Máximo Avilés Blonda. Bibliografía. |
| 590 ## - NOTA LOCAL |
| Enlace |
Inventariado, 2021/VM |
| 650 #4 - ENCABEZAMIENTO DE MATERIA--TEMÁTICO |
| Término temático o nombre geográfico como elemento de entrada |
Teatro dominicano |
| Subdivisión temática general |
Historia y crítica. |
| Subdivisión geográfica |
|
| 650 #4 - ENCABEZAMIENTO DE MATERIA--TEMÁTICO |
| Término temático o nombre geográfico como elemento de entrada |
Drama domincano |
| Subdivisión temática general |
Historia y crítica |
| 700 ## - ASIENTO SECUNDARIO -- NOMBRE PERSONAL |
| Nombre personal |
Quackenbush, Louis Howard, |
| Fechas asociadas con el nombre |
1939- |
| Mención de responsabilidad |
comp. |
| 700 ## - ASIENTO SECUNDARIO -- NOMBRE PERSONAL |
| Nombre personal |
Castro Burdiez, Tomás |
| Mención de responsabilidad |
ed. |
| 830 ## - ASIENTO SECUNDARIO DE SERIE--TÍTULO UNIFORME |
| Volume number/sequential designation |
Tomo I |
| 910 ## - VALIDACIÓN |
| Validación |
VMateo |
| 942 ## - ADDED ENTRY ELEMENTS (KOHA) |
| Source of classification or shelving scheme |
Dewey Decimal Classification |
| Koha item type |
Libros |